Controversial Themes in Advertisements: On Manipulating the Emotions of Audiences and Extending the Boundaries of the Social ‘Taboo’
V modernom svete dochádza k praktickej manipulácii prakticky každý deň. Manipulácia je dôležitým prvkom stratégie komunikácie a reklamy v podnikaní. Veľký výber konkurenčných produktov a reklamný hluk spôsobuje, že je pre výrobok čoraz ťažšie preniknúť do povedomia zákazníkov. Inzerenti preto siahaj...
Enregistré dans:
| Auteur principal: | |
|---|---|
| Format: | Chapitre de livre |
| Langue: | anglais |
| Sujets: | |
| Tags: |
Pas de tags, Soyez le premier à ajouter un tag!
|
MARC
| LEADER | 00000nla a2200000 4500 | ||
|---|---|---|---|
| 001 | 0242997 | ||
| 005 | 20210325112030.8 | ||
| 041 | 0 | |a eng | |
| 044 | |a SK | ||
| 245 | 1 | 0 | |a Controversial Themes in Advertisements: On Manipulating the Emotions of Audiences and Extending the Boundaries of the Social ‘Taboo’ |c Małgorzata Koszembar-Wiklik |
| 520 | |a V modernom svete dochádza k praktickej manipulácii prakticky každý deň. Manipulácia je dôležitým prvkom stratégie komunikácie a reklamy v podnikaní. Veľký výber konkurenčných produktov a reklamný hluk spôsobuje, že je pre výrobok čoraz ťažšie preniknúť do povedomia zákazníkov. Inzerenti preto siahajú ku kontroverzným témam, ktoré boli považované za sociálne tabu, za trápne, intímne, alebo neboli v mnohých kultúrach otvorené k diskusii. | ||
| 610 | 2 | 0 | |a reklama |
| 610 | 2 | 0 | |a komunikácia |
| 610 | 2 | 0 | |a komunikácia marketingová |
| 610 | 2 | 0 | |a komunikácia masmediálna |
| 610 | 2 | 0 | |a zákazníci |
| 610 | 2 | 0 | |a vzťahy so zákazníkmi |
| 610 | 2 | 0 | |a kultúra podnikania |
| 100 | 1 | |a Koszembar-Wiklik, Małgorzata | |